| 000 | 00545nam a22001577a 4500 | ||
|---|---|---|---|
| 003 | NUST | ||
| 082 | _a629.8 | ||
| 100 |
_aShah ,Syed Wajih Ul Hassnain _9122384 |
||
| 245 |
_aUrdu Optical Character Recognition / _cSyed Wajih Ul Hassnain Shah |
||
| 264 |
_aIslamabad: _bSMME- NUST. _c2021. |
||
| 300 |
_a49p. ; _bSoft Copy, _c30cm. |
||
| 650 |
_aMS Robotics and Intelligent Machine Engineering _9119486 |
||
| 700 |
_aSupervisor Dr. Hasan Sajid _9121640 |
||
| 856 | _u http://10.250.8.41:8080/xmlui/handle/123456789/25884 | ||
| 942 |
_2ddc _cTHE |
||
| 999 |
_c608878 _d608878 |
||